• 首页
  • 本馆介绍
  • 公告通知
  • 最新文献
  • 馆藏检索
  • 电子资源
  • 读者导购
  • 参考咨询
  • 我的图书馆
  • 登录
  • 详细信息显示
  • 放入我的书架
  • 预约/预借图书
  • 作者相关作品
  • 分类相关作品
  • 丛书相关作品
  • 出版社相关作品

书目信息

  • 表格格式
  • 工作单格式
  • 卡片格式
题名:
瓦岗寨
    
 
作者: 陈荫荣 讲述
分册:  
出版信息: 北京   中国曲艺出版社  1981
页数: 152页
开本: 19cm
丛书名: 传统评书《兴唐传》
单 册:
中图分类: I239.87
科图分类:
主题词: 评话--中国--现代 , 戏剧文学--剧本--中国
电子资源:
ISBN:
000 00774nam2 2200265 45
001 0181002068
005 20060911111851.48
010    @dCNY0.41
091    @a10227.004
100    @a19950317d1981 em y0chiy0121 ea
101 0  @achi
102    @aCN@b110000
105    @ay z 000by
200 10 @a瓦岗寨@Awa gang zhai@f陈荫荣讲述
210    @a北京@c中国曲艺出版社@d1981
215    @a152页@d19cm
225 2  @a传统评书《兴唐传》@v4
410  0 @120010@a传统评书《兴唐传》
606    @a评话@y中国@z现代
606 0  @a戏剧文学@x剧本@x中国
690    @aI239.87@v3
701  0 @a陈荫荣@Achen yin rong@4讲述
801  0 @aCN@b上海图书馆@c20060911
801  2 @aCN@bNLC@c20060911
905    @f1@b45422@f1@b52033@f1@b52031@f1@b52034@f1@b52032@f1@b45423@f1@b45421@dI239.8@e12:4
    
    瓦岗寨/陈荫荣讲述.-北京:中国曲艺出版社,1981
    152页;19cm.-(传统评书《兴唐传》;4)
    
    
    ISBN :CNY0.41
    
●
相关链接 在E读中查询图书 在五车中查询图书 在当当中查询图书 在豆瓣中查询图书


正题名:瓦岗寨     索取号:I239.8/12:4         预约/预借

序号 登录号 条形码 馆藏地/架位号 状态 备注
1 0045419   001893473   密集书库/ [索取号:I239.8/12:4] 在馆    
2 0045420   001893482   密集书库/ [索取号:I239.8/12:4] 在馆    
3 0045421   000960071   第二借阅区/ [索取号:I239.8/12:4] 在馆    
4 0045422   000960044   第一样本阅览室/ [索取号:I239.8/12:4] 在馆    
5 0045423   000960062   第二借阅区/ [索取号:I239.8/12:4] 在馆    
6 0052030   001894347   密集书库/ [索取号:I239.8/12:4] 在馆    
7 0052031   001589392   第二借阅区/ [索取号:I239.8/12:4] 在馆    
8 0052032   000960099   第二借阅区/ [索取号:I239.8/12:4] 在馆    
9 0052033   000960106   第二借阅区/ [索取号:I239.8/12:4] 在馆    
10 0052034   000960053   第二借阅区/ [索取号:I239.8/12:4] 在馆    
11 0474520   204745204   密集书库/ [索取号:I239.8/12:4] 在馆    
12 0475362   204753622   密集书库/ [索取号:I239.8/12:4] 在馆    
唐山师范学院图书馆 欢迎您!
大连网信软件有限公司© 版权所有